01126cam a22003134i 4500003000900000005001700009008004100026020001500067020001800082035002000100082002000120100003300140245010200173264003800275300004300313336002100356337002500377338002300402504003300425505022400458526000900682526000900691526000800700526000800708526000800716526000800724650002800732650005200760PE-LiUPU20250731175626.0181226s2018 gau r 001 0 eng  a1948488086 a9781948488082 a(Sirsi) a25114704a499.95bF772231 aFoster, Benjamin R.,1eautor.10aSargonic texts from Telloh in the Istanbul archaeological Museums.nPart 2 /cBenjamin R. Foster. 1aAtlanta :bLockwood Press,c2018. axxi, 123 páginas ;c23 centímetros atext2rdacontent aunmediated2rdamedia avolume2rdacarrier aÍndice: páginas 119-123.0 aPreface -- Abbreviations -- Typology of Text Contents -- Concordance -- The Texts -- Collations -- Index of personal names -- Index of professions and statuses -- Index of Toponyms and Gentilis -- Index of broken names. aP145 aP127 aP97 aP35 aP14 aP0704aLengua sumeriaxTextos.04aHistoria económica.2fast0(OCoLC)fst00901974